[Event "ROM-ch U16"]
[Site "Calimanesti"]
[Date "2015.04.03"]
[Round "6"]
[White "Niculae, Alberto Marian"]
[Black "Burcica, Viorel Javet"]
[Result "1/2-1/2"]
[WhiteElo "1320"]
[BlackElo "1386"]
[PlyCount "66"]
[EventDate "2015.03.30"]
[EventType "swiss"]
[EventRounds "9"]
[EventCountry "ROU"]
[SourceTitle "CBM 165 Extra"]
[Source "ChessBase"]
[SourceDate "2015.04.21"]
[SourceVersion "1"]
[SourceVersionDate "2015.04.21"]
[SourceQuality "1"]

1. c4 e5 2. e4 c5 3. Nc3 d6 4. Nf3 Ne7 5. Be2 g6 6. 0-0 Bg7 7. d3 Nbc6 8. Be3 0-0 9. Rc1 h6 10. Qd2 Kh7 11. Kh1 Be6 12. h4 f5 13. exf5 Nxf5 14. g3 Qe7 15. Kg2 Rad8 16. Rh1 d5 17. cxd5 Bxd5 18. g4 Nxe3+ 19. Qxe3 Nd4 20. Nxd5 Rxd5 21. h5 g5 22. Qe4+ Kh8 23. Qxd5 Nxe2 24. Qxc5 Nf4+ 25. Kg3 Qxc5 26. Rxc5 Nxd3 27. Rc4 Nxb2 28. Rb4 Nd3 29. Rxb7 e4 30. Nd2 Be5+ 31. Kh3 Nxf2+ 32. Kg2 Nxh1 33. Kxh1 Rf2 1/2-1/2

[Event "ROM-ch U16"]
[Site "Calimanesti"]
[Date "2015.04.01"]
[Round "3"]
[White "Vasiliu, Cosmin"]
[Black "Niculae, Alberto Marian"]
[Result "1-0"]
[WhiteElo "1872"]
[BlackElo "1320"]
[PlyCount "35"]
[EventDate "2015.03.30"]
[EventType "swiss"]
[EventRounds "9"]
[EventCountry "ROU"]
[SourceTitle "CBM 165 Extra"]
[Source "ChessBase"]
[SourceDate "2015.04.21"]
[SourceVersion "1"]
[SourceVersionDate "2015.04.21"]
[SourceQuality "1"]

1. e4 c5 2. Nc3 d6 3. f4 g6 4. Nf3 Nc6 5. Bc4 Nf6 6. 0-0 Bg7 7. d3 0-0 8. Qe1 Qc7 9. Qh4 Bg4 10. Nd5 Qd7 11. f5 Bxf3 12. Rxf3 Ne5 13. Rh3 Neg4 14. Bg5 Rfd8 15. Bxf6 Nxf6 16. Nxf6+ Bxf6 17. Qxh7+ Kf8 18. Qxf7# 1-0